000 00662nam a22002057a 4500
005 20240530110621.0
008 161221s2012 au abeog 001 0 eng d
020 _a9789774165733
040 _aEG-CaGPL
082 0 4 _221
_a932
_bCC/K C
100 1 _aKemp, Barry
245 1 4 _aThe city of Akhenaten and Nefertiti Amarna and its people :
_bwith 287 illustrations, 53 in color\
_cBarry Kemp
260 _acairo :
_bthe american university in cairo press ,
_c2012
300 _a312 pages :
_billustration, maps, plans, photos ;
_c28 cm.
650 0 _aEgyptology
651 0 _aEgypt
651 0 _aEgypt
_xhistory
651 0 _aEgypt
_xAntiquities
942 _2ddc
_cBK
999 _c63064
_d63064